Господь моя втіха та поміч (Запис № 309548)

МАРК-запис
000 -Лідер
fixed length control field 00715nam a22002297a 4500
003 - Ідентифікатор контрольного номера
control field UA-OsUOA
001 - Контрольний номер
control field 23303
007 - Фіксоване поле фізичного опису
fixed length control field ta
008 - Елементи даних фіксованої довжини – загальна інформація
fixed length control field 20040117b un ||||| |||| 00| 0 ukr d
090 ## - Локальний шифр розміщення
Класифікаційний індекс УДК 243
Авторський знак (НП) Г72
040 ## - Джерело каталогізації
Агенція оригінальної каталогізації UA-OsUOA
Мова каталогізації ukr
Агенція, яка здійснювала перезапис UA-OsUOA
Агенція, яка здійснювала модифікацію UA-OsUOA
041 ## - Код мови
Код мови тексту/ звукової доріжки чи окремого заголовка (П) ukr
080 ## - Індекс Універсальної десяткової класифікації
Індекс Універсальної десяткової класифікації (УДК) (НП) 243
044 ## - Код країни видавця/ виробника
Код країни видавця/ виробника (П) CA
245 ## - Відомості про назву
Назва (НП) Господь моя втіха та поміч
Решта назви (НП) Молитовник для болящих та для засумованих
260 ## - Публікація, розповсюдження і т.п. (Вихідні дані)
Місце публікації, розповсюдження і т.п. (П) Вінніпег
Ім’я/ наймення видавництва, розповсюджувача і т.п. (П) Вид-ня Українського наукового православного богословного товариства
Дата публікації, розповсюдження і т.п. (П) 1957
300 ## - Фізичний опис
Обсяг 48 с.
650 #7 - Додаткове предметне введення – тематичний термін
Джерело заголовка чи терміна UDC
942 ## - Додаткові елементи входу (Коха)
Тип елемента Koha Книги
955 ## - Код типу видання за змістом
Код типу видання за змістом (НП) інше
Фонди
Стан вилучень Стан втрат Джерело класифікації або схеми стелажів Стан уражень Не для кредиту Постійне місце розташування Поточне розміщення Дата придбання Вартість, звичайна ціна покупки Інвентарний номер Усього замовленно Повний номер виклику Штрих-код Дата останнього перегляду Ціна ефективна від Тип елемента Koha
    Universal Decimal Classification     ЧЗ - Читальна зала ЧЗ - Читальна зала 17/01/2004 3.00 63593   243 Г72 63593 07/02/2022 17/01/2004 Книги
    Universal Decimal Classification     ЧЗ - Читальна зала ЧЗ - Читальна зала 17/01/2004 7.00 63610   243 Г72 63610 07/02/2022 17/01/2004 Книги
    Universal Decimal Classification     ЧЗ - Читальна зала ЧЗ - Читальна зала 17/01/2004 3.00 63611   243 Г72 63611 27/02/2023 17/01/2004 Книги
    Universal Decimal Classification     ЧЗ - Читальна зала ЧЗ - Читальна зала 17/01/2004 3.00 63612   243 Г72 63612 07/02/2022 17/01/2004 Книги